[Event "Varazdinske Toplice op"]
[Site "Varazdinske Toplice"]
[Date "2022.12.26"]
[Round "3"]
[White "Mitrovic, Boris"]
[Black "Ziskovic, Nikola"]
[Result "1-0"]
[WhiteElo "2082"]
[BlackElo "1687"]
[PlyCount "99"]
[EventDate "2022.12.26"]
[EventType "swiss"]
[EventRounds "9"]
[EventCountry "CRO"]
[SourceTitle "CBM 211 Extra"]
[Source "ChessBase"]
[SourceDate "2023.01.31"]
[SourceVersion "1"]
[SourceVersionDate "2023.01.31"]
[SourceQuality "1"]

1. b3 d5 2. Bb2 e6 3. Nf3 Nf6 4. e3 Be7 5. d4 Nbd7 6. Nbd2 0-0 7. c4 c5 8. Bd3 h6 9. 0-0 a6 10. a4 dxc4 11. Nxc4 b6 12. Qe2 Bb7 13. Rfd1 Qc7 14. Rac1 Rac8 15. Nce5 Nxe5 16. Nxe5 Nd7 17. Nxd7 Qxd7 18. dxc5 Qc6 19. f3 bxc5 20. Kh1 Qb6 21. Bc4 Rfd8 22. e4 Rxd1+ 23. Rxd1 Rd8 24. Bc3 Rxd1+ 25. Qxd1 Qd6 26. Qxd6 Bxd6 27. e5 Be7 28. Kg1 Kf8 29. Kf2 Ke8 30. Ke3 Kd7 31. g4 g5 32. Kf2 Bd8 33. Bd2 Bc7 34. f4 f6 35. exf6 gxf4 36. h4 Be5 37. g5 hxg5 38. hxg5 Ke8 39. Bxe6 Bd4+ 40. Kf1 f3 41. Bc4 Bc8 42. f7+ Kf8 43. g6 Bh3+ 44. Ke1 f2+ 45. Kd1 f1Q+ 46. Bxf1 Bxf1 47. Bh6+ Bg7 48. Be3 Bd4 49. Bf4 Bh3 50. Bd6+ 1-0

[Event "Podturen Mavrin Memorial 8th"]
[Site "Podturen"]
[Date "2020.01.03"]
[Round "1"]
[White "Segovic, Goran"]
[Black "Ziskovic, Nikola"]
[Result "1/2-1/2"]
[WhiteElo "2289"]
[BlackElo "1854"]
[PlyCount "108"]
[EventDate "2020.01.03"]
[EventType "swiss"]
[EventRounds "7"]
[EventCountry "CRO"]
[SourceTitle "CBM 194 Extra"]
[Source "ChessBase"]
[SourceDate "2020.03.31"]
[SourceVersion "1"]
[SourceVersionDate "2020.03.31"]
[SourceQuality "1"]

1. e4 c5 2. Nf3 Nc6 3. Bb5 Nd4 4. Nxd4 cxd4 5. Bc4 e6 6. 0-0 g6 7. d3 Bg7 8. Nd2 Ne7 9. f4 f5 10. e5 0-0 11. Nf3 Nc6 12. c3 d5 13. Bb3 Qb6 14. Nxd4 Bd7 15. Be3 Nxd4 16. Bxd4 Qc7 17. Qd2 b6 18. Bd1 Bc6 19. Bf3 Rac8 20. Qf2 Rf7 21. a4 Bf8 22. b4 Qd7 23. a5 b5 24. a6 Ba8 25. Kh1 Rc6 26. Ra5 Rc7 27. h3 Bc6 28. Kh2 Qd8 29. Rg1 Bh6 30. Be2 Kh8 31. h4 Bf8 32. g3 h5 33. Bc5 Bxc5 34. bxc5 Rcd7 35. Ra3 d4 36. Bf3 Bxf3 37. Qxf3 dxc3 38. Rxc3 Rd5 39. Rd1 Qa5 40. d4 Qxa6 41. Ra3 Qc8 42. Rda1 Rxd4 43. Rxa7 Rxa7 44. Rxa7 Rd5 45. Qa3 Rd2+ 46. Kh3 Qc6 47. Ra8+ Kg7 48. Qa7+ Rd7 49. Qa1 Rd2 50. Qa7+ Rd7 51. Qa1 Rd2 52. Qa7+ Rd7 53. Qa1 Rd2 54. Qa7+ Rd7 1/2-1/2

[Event "Medimurska CupT"]
[Site "Croatia"]
[Date "2019.02.24"]
[Round "3.4"]
[White "Srnec, Sladjan"]
[Black "Ziskovic, Nikola"]
[Result "0-1"]
[WhiteElo "1861"]
[BlackElo "1818"]
[PlyCount "109"]
[EventDate "2019.02.10"]
[EventType "team-swiss"]
[EventRounds "6"]
[EventCountry "CRO"]
[SourceTitle "EXT 2020"]
[Source "ChessBase"]
[SourceDate "2019.10.17"]
[SourceVersion "1"]
[SourceVersionDate "2019.10.17"]
[SourceQuality "1"]

1. f4 e5 2. fxe5 Qh4+ 3. g3 Qe4 4. Nf3 Bb4 5. Bg2 Qg6 6. 0-0 Nh6 7. c3 Be7 8. d4 0-0 9. Qd3 Qh5 10. Bxh6 Qxh6 11. Nbd2 d5 12. exd6 Bxd6 13. e4 Bd7 14. Rae1 c6 15. Qe3 Qe6 16. b3 Na6 17. Rf2 Rae8 18. Rfe2 Qg4 19. Nc4 Bc7 20. Nce5 Bxe5 21. Nxe5 Qe6 22. Nxd7 Qxd7 23. Qd2 Nc7 24. d5 Re5 25. c4 Qd6 26. b4 b6 27. Rc1 c5 28. a3 Rd8 29. Rf2 Ne6 30. Rcf1 Ng5 31. Qf4 f6 32. h4 Nf7 33. b5 Qe7 34. Rc2 Nd6 35. Bh3 Rxe4 36. Be6+ Kh8 37. Qc1 Rd4 38. Rf4 Qe8 39. Rxd4 cxd4 40. Qf4 Qg6 41. Rd2 Qb1+ 42. Kh2 d3 43. Bf5 Qb3 44. Bxd3 Qxa3 45. Qd4 Re8 46. Re2 Rxe2+ 47. Bxe2 Qc5 48. Qxc5 bxc5 49. Bd3 h6 50. Kg2 f5 51. h5 Kg8 52. g4 fxg4 53. Kg3 Kf7 54. Bg6+ Kf6 55. Kxg4 0-1

[Event "Medimurska CupT"]
[Site "Croatia"]
[Date "2019.02.17"]
[Round "2.3"]
[White "Mardjetko, Ivan"]
[Black "Ziskovic, Nikola"]
[Result "0-1"]
[WhiteElo "1616"]
[BlackElo "1818"]
[PlyCount "108"]
[EventDate "2019.02.10"]
[EventType "team-swiss"]
[EventRounds "6"]
[EventCountry "CRO"]
[SourceTitle "EXT 2020"]
[Source "ChessBase"]
[SourceDate "2019.10.17"]
[SourceVersion "1"]
[SourceVersionDate "2019.10.17"]
[SourceQuality "1"]

1. d4 Nf6 2. c4 e6 3. Nc3 Be7 4. e4 d6 5. Bd3 e5 6. d5 0-0 7. Nge2 Nbd7 8. b4 a5 9. Ba3 axb4 10. Bxb4 b6 11. Nb5 Nc5 12. Bxc5 bxc5 13. 0-0 Bd7 14. a4 c6 15. Nbc3 cxd5 16. exd5 Re8 17. Ng3 g6 18. Qc2 Bf8 19. Nb5 Qa5 20. f3 Bxb5 21. axb5 Qb6 22. Ra2 Nxd5 23. cxd5 c4+ 24. Qf2 Qxf2+ 25. Rfxf2 cxd3 26. Ne4 Rec8 27. Rxa8 Rxa8 28. Rb2 f5 29. Nd2 Bh6 30. Kf2 Bxd2 31. Rxd2 Ra1 32. Rb2 d2 33. Rxd2 Rb1 34. Rc2 Rxb5 35. Rc8+ Kg7 36. g4 fxg4 37. fxg4 Rxd5 38. g5 Kf7 39. Rc7+ Ke6 40. Rxh7 Kf5 41. h4 Kg4 42. Rg7 Kf5 43. Rh7 Rd4 44. Rf7+ Kg4 45. Rh7 Rf4+ 46. Kg2 d5 47. h5 Kxg5 48. h6 Rf7 49. Rh8 d4 50. h7 Kf4 51. Rd8 Rxh7 52. Rd5 e4 53. Rd6 g5 54. Re6 Rd7 0-1

[Event "Podturen Mavrin Memorial 7th"]
[Site "Podturen"]
[Date "2019.01.04"]
[Round "2"]
[White "Skuhala, Barbara"]
[Black "Ziskovic, Nikola"]
[Result "1/2-1/2"]
[WhiteElo "2101"]
[BlackElo "1797"]
[PlyCount "46"]
[EventDate "2019.01.03"]
[EventType "swiss"]
[EventRounds "7"]
[EventCountry "CRO"]
[SourceTitle "CBM 188 Extra"]
[Source "ChessBase"]
[SourceDate "2019.02.26"]
[SourceVersion "1"]
[SourceVersionDate "2019.02.26"]
[SourceQuality "1"]

1. e4 c5 2. Nf3 d6 3. d4 cxd4 4. Nxd4 Nf6 5. f3 e5 6. Nb3 Be7 7. c4 Be6 8. Nc3 0-0 9. Be3 Nc6 10. Be2 Na5 11. Nd2 b6 12. 0-0 Rc8 13. b3 Nb7 14. f4 Nc5 15. Qe1 Bg4 16. Rd1 Qe8 17. b4 Na4 18. Rc1 Nxc3 19. Rxc3 Qd7 20. h3 Bxe2 21. Qxe2 Qb7 22. Qf3 d5 23. fxe5 Nxe4 1/2-1/2

[Event "Medjimurske Team Cup"]
[Site "Nedelisce"]
[Date "2018.03.11"]
[Round "5.4"]
[White "Heric, Srecko"]
[Black "Ziskovic, Nikola"]
[Result "0-1"]
[WhiteElo "1811"]
[BlackElo "1817"]
[PlyCount "88"]
[EventDate "2018.02.11"]
[EventType "team-swiss"]
[EventRounds "6"]
[EventCountry "CRO"]
[SourceTitle "CBM 183 Extra"]
[Source "ChessBase"]
[SourceDate "2018.04.19"]
[SourceVersion "1"]
[SourceVersionDate "2018.04.19"]
[SourceQuality "1"]

1. d4 Nf6 2. c3 d5 3. Nf3 e6 4. e3 Nbd7 5. Bd3 Be7 6. Nbd2 0-0 7. e4 dxe4 8. Nxe4 Nxe4 9. Bxe4 Nf6 10. Bc2 Qd5 11. 0-0 b6 12. Re1 Bb7 13. Bg5 Qd6 14. Qd3 g6 15. h3 Nh5 16. Bxe7 Qxe7 17. Re5 Nf4 18. Qd1 Qf6 19. Be4 Bxe4 20. Rxe4 Qf5 21. Re5 Qd3 22. g3 Qxd1+ 23. Rxd1 Nd5 24. c4 Nf6 25. b3 Rad8 26. Rd2 Rfe8 27. a4 a5 28. Kf1 Nd7 29. Re3 Nb8 30. Ne5 f6 31. Nf3 Nc6 32. Ke2 Nb4 33. Re4 Kf7 34. g4 g5 35. Ne1 h5 36. f4 hxg4 37. hxg4 f5 38. gxf5 exf5 39. Rxe8 Rxe8+ 40. Kf2 g4 41. Ng2 Kf6 42. d5 Na6 43. Rd3 Nc5 44. Rc3 Ne4+ 0-1

[Event "CRO-chT3 Centar-B"]
[Site "Croatia"]
[Date "2017.05.14"]
[Round "4.3"]
[White "Ziskovic, Nikola"]
[Black "Makaj, Nikola"]
[Result "1/2-1/2"]
[WhiteElo "1808"]
[BlackElo "1887"]
[PlyCount "103"]
[EventDate "2017.04.02"]
[EventType "team-tourn"]
[EventRounds "9"]
[EventCountry "CRO"]
[SourceTitle "EXT 2019"]
[Source "ChessBase"]
[SourceDate "2018.10.10"]
[SourceVersion "1"]
[SourceVersionDate "2018.10.10"]
[SourceQuality "1"]

1. e4 b6 2. d4 Bb7 3. Bd3 e6 4. Nf3 Nf6 5. Nbd2 d5 6. e5 Nfd7 7. 0-0 Be7 8. Re1 Ba6 9. Nf1 Bxd3 10. Qxd3 c5 11. c3 Nc6 12. a3 Rc8 13. Bd2 0-0 14. Ng3 Na5 15. b4 Nb3 16. Rab1 Nxd2 17. Qxd2 cxd4 18. cxd4 Qc7 19. Rbc1 Qb7 20. Qd3 b5 21. Ne2 a6 22. Nd2 Rxc1 23. Rxc1 Rc8 24. Rc2 Nb6 25. Nb3 Nc4 26. Nd2 Qb6 27. Nb3 Rc7 28. Nc5 a5 29. Qb3 g6 30. g3 Ra7 31. Ra2 Qb8 32. Nc3 a4 33. Qd1 Ra8 34. Nd7 Qd8 35. Nc5 Rb8 36. h4 h5 37. Na6 Rb6 38. Nc5 Kg7 39. Qe2 Rb8 40. Na6 Ra8 41. Nc5 Qb6 42. Qd3 Bxc5 43. bxc5 Qa5 44. Qf3 b4 45. axb4 Qxb4 46. c6 a3 47. c7 Qb7 48. Qf6+ Kg8 49. Qd8+ Kh7 50. Qe7 Kg8 51. Qd8+ Kh7 52. Qe7 1/2-1/2

[Event "CRO-chT3 Centar-B"]
[Site "Croatia"]
[Date "2017.04.09"]
[Round "2.4"]
[White "Zadravec, Stjepan"]
[Black "Ziskovic, Nikola"]
[Result "1-0"]
[WhiteElo "1912"]
[BlackElo "1808"]
[PlyCount "80"]
[EventDate "2017.04.02"]
[EventType "team-tourn"]
[EventRounds "9"]
[EventCountry "CRO"]
[SourceTitle "EXT 2019"]
[Source "ChessBase"]
[SourceDate "2018.10.10"]
[SourceVersion "1"]
[SourceVersionDate "2018.10.10"]
[SourceQuality "1"]

1. e4 c5 2. Nf3 Nc6 3. Nc3 d6 4. d4 cxd4 5. Nxd4 g6 6. Be3 Bg7 7. Be2 Nf6 8. 0-0 0-0 9. Kh1 Ne5 10. h3 b6 11. f4 Ned7 12. Nc6 Qe8 13. e5 Bb7 14. exf6 exf6 15. Bf3 Qxe3 16. Re1 Qxf4 17. Ne7+ Kh8 18. Bxb7 Rab8 19. Qf3 Qh4 20. Bd5 Ne5 21. Qe4 Qg5 22. Nc6 f5 23. Qe2 Rbe8 24. Rad1 Qh4 25. Nxe5 Bxe5 26. Qf3 Qb4 27. Bb3 Qc5 28. Rf1 h5 29. Rd5 Qb4 30. g3 Bxc3 31. Qxc3+ Qxc3 32. bxc3 Re3 33. Rd3 Re7 34. Kg2 Rd8 35. Rfd1 Kg7 36. Rxd6 Rxd6 37. Rxd6 Rc7 38. Kf2 Kf8 39. h4 Ke8 40. Rd3 Rc5 1-0

[Event "CRO-chT3B Center North"]
[Site "Cakovec"]
[Date "2010.10.23"]
[Round "9.35"]
[White "Kovac, Hrvoje"]
[Black "Ziskovic, Nikola"]
[Result "1-0"]
[WhiteElo "1828"]
[BlackElo "1892"]
[PlyCount "55"]
[EventDate "2010.03.27"]
[EventType "team-tourn"]
[EventRounds "9"]
[EventCountry "CRO"]
[SourceTitle "EXT 2012"]
[Source "ChessBase"]
[SourceDate "2011.11.24"]
[SourceVersion "1"]
[SourceVersionDate "2011.11.24"]
[SourceQuality "1"]

1. e4 c5 2. Nf3 Nc6 3. d4 cxd4 4. Nxd4 d6 5. Nc3 g6 6. Be3 Bg7 7. Qd2 Nf6 8. f3 0-0 9. 0-0-0 a6 10. g4 Ne5 11. Be2 Bd7 12. Bh6 b5 13. h4 b4 14. Nd5 Nxd5 15. exd5 Qa5 16. Kb1 Qxd5 17. Bxg7 Rfc8 18. Bxe5 Qxe5 19. f4 Qc5 20. f5 a5 21. h5 gxf5 22. Qg5+ Kh8 23. Qxe7 Be6 24. Qf6+ Kg8 25. gxf5 Bd5 26. Rhg1+ Kf8 27. h6 a4 28. Rg8+ 1-0